Kultúrne centrum

Enregistré dans:
Détails bibliographiques
Auteur principal: Štrajcher, Matúš (Auteur)
Autres auteurs: Minarovičová, Katarína (Directeur de thèse)
Format: Manuscrit Livre
Langue:slovaque
Publié: 2025
Sujets:
Accès en ligne:http://is.stuba.sk/zp/portal_zp.pl?podrobnosti=181997
CRZP
Tags: Ajouter un tag
Pas de tags, Soyez le premier à ajouter un tag!

MARC

LEADER 00000ntm a22000003a 4500
001 stuzp104678
003 SK-STU
005 20250801111359.6
007 ta
008 150427s2015----xo-----f-mn---000-0-slo-d
040 |a STU  |b slo 
041 0 |a slo 
100 1 |a Štrajcher, Matúš  |u 010180  |4 aut  |U SvF Stavebná fakulta  |T SvF Katedra konštrukcií pozemných stavieb  |X 104675  |U V180  |Y 18  |7 104675 
242 0 1 |a Cultural center  |y eng 
245 1 0 |a Kultúrne centrum 
260 |c 2025 
650 4 |a Vegetation structures  |2 eng 
650 4 |a Cultural centre  |2 eng 
650 4 |a Aerodynamics  |2 eng 
650 4 |a Aerodynamika  |2 slo 
650 4 |a Kultúrne centrum  |2 slo 
650 4 |a Vegetačné konštrukcie  |2 slo 
700 1 |a Minarovičová, Katarína  |u 010180  |k Z1  |4 ths  |U SvF Stavebná fakulta  |T SvF Katedra konštrukcií pozemných stavieb  |X 773  |U V180  |Y 18  |7 A000000773 
856 4 |u http://is.stuba.sk/zp/portal_zp.pl?podrobnosti=181997 
856 4 |u https://opac.crzp.sk/?fn=detailBiblioForm&sid=BBB70232DB8D19E5F726B9DCF3EF  |z CRZP